| 000 | 00716nam a22002537a 4500 | ||
|---|---|---|---|
| 003 | UA-OsUOA | ||
| 001 | 84174 | ||
| 007 | ta | ||
| 008 | 20120521b un ||||| |||| 00| 0 ukr d | ||
| 100 | _aГончар Л. | ||
| 700 | _aНайда Р. | ||
| 090 |
_a821.161.2 _bГ65 |
||
| 942 | _cBK | ||
| 040 |
_aUA-OsUOA _bukr _cUA-OsUOA _dUA-OsUOA |
||
| 245 |
_aКозацький роман _bпосібник із виживання в Україні |
||
| 300 | _a168 с. | ||
| 955 | _a2 | ||
| 041 | _aukr | ||
| 080 | _a821.161.2 | ||
| 020 | _a978-966-579-319-9 | ||
| 260 |
_aК. _bЯрославів Вал _c2012 |
||
| 650 | 7 |
_a82 Література. Літературознавство _2UDC |
|
| 999 |
_c370528 _d370528 |
||